000 00512nam a2200193Ia 4500
003 OSt
005 20240513144602.0
008 210210b1936 xxu||||| |||| 00| 0 eng d
040 _cAL
041 _aMalayalam
082 _a871/171
100 _aNEELAKANDAMMU (K S)
_dനീലകണ്ഠമ്മു (കെ സ്)
_9164352
245 _aAnarkali
_b അനാർക്കലി
260 _b-
_c1936
650 _aAnarkali
_9164353
690 _aMalayalam
_9164354
906 _a002436
942 _2ddc
_cBK
999 _c124403
_d124403